000 00334nam a22001337a 4500
020 _a81-7021-942-6
082 _a613.7046
_bMIS/D
100 _aMISHRA, J P N
245 _aPREKSHA YOGA
_bMANAGEMENT FOR COMMON AILMENTS
260 _aDELHI
_bB JAIN PUBLISHERS
_c2004
300 _a227
650 _aHEALTH AND FITNESS
_zINDIA
942 _cBK
999 _c5479
_d5479